Nech má odborný lesný hospodár na starosti len les po tretíkrát na tému - optimálna organizačná štruktúra štátneho podniku Lesy SR

Bibliographic Details
Main Author: Sopko, Ivan (Author)
Format: Article
Language:Slovak
PhysicalDescription:Fotogr.
ISSN:1337-088X
Subjects:

MARC

LEADER 00000nab a2200000 a 4500
001 vtls009947885
003 SK-MaSNL
005 20260304172916.0
008 250526 2009 xo || |||| ||slo
015 |a SNBRB2009/09  |2 snkbucl 
035 |a urn:nbn:sk:snk-ab857o 
035 |a (urnnbn)urn:nbn:sk:snk:ar-006ayy 
035 |a (uuid)8e080262-574d-4e12-8a28-5ec90c6d31c9 
038 |a SNKBUCL 
040 |a SNKBUCL  |b slo  |c SNKBUCL  |e AACR2 
041 0 |a slo 
044 |a xo  |c SK 
080 |a 630*6  |x (437.6)  |2 2001 
080 |a 630:061.5  |x (437.6)  |2 2001 
100 1 |a Sopko, Ivan  |4 aut  |9 1502158 
245 1 0 |a Nech má odborný lesný hospodár na starosti len les  |b po tretíkrát na tému - optimálna organizačná štruktúra štátneho podniku Lesy SR  |c Ivan Sopko 
300 |b Fotogr. 
610 2 7 |a Lesy Slovenskej republiky  |2 snkbucl  |9 60065 
650 0 7 |a organizačné štruktúry  |2 snkbucl  |9 74818 
773 0 |t Les & Letokruhy  |g Roč. 65/8, č. 7-8 (2009), s. 16  |x 1337-088X 
850 |a Slovenská národná knižnica 
852 |a Slovenská národná knižnica 
954 |a odborná, vedecká literatúra pôvodná (slovenská)  |2 lita 
958 |a ONDV 
958 |a article9 
958 |a SK 
999 |c 3000683  |d 3002613